| 000 | 00416pam a2200157a 44500 | ||
|---|---|---|---|
| 008 | 230515b1996 xxu||||| |||| 00| 0 eng d | ||
| 020 | _aNULL | ||
| 041 | _aENGL | ||
| 082 | _aNULL | ||
| 100 | _a"MATHEW P. D.," | ||
| 245 | _aFREE LEGAL SERVICES TO THE POOR | ||
| 250 | _a0 | ||
| 260 |
_aNEW DELHI _bINDIAN SOCIAL INSTITUTE _c1996 |
||
| 300 | _aX+53 | ||
| 650 | _a"SOCIAL PROBLEMS & SOCIAL WELFARE,SOCIAL PROBLEMS" | ||
| 999 |
_c539165 _d539165 |
||